| 000 | 00720nam a22002057a 4500 | ||
|---|---|---|---|
| 999 |
_c19144 _d19144 |
||
| 003 | AR-CdUCM | ||
| 008 | 190516b ||||| |||| 00| 0 spa d | ||
| 040 |
_aMUNICIPALIDAD PROVINCIAL DEL CUSCO _cBIBLIOTECA MUNICIPAL DEL CUSCO |
||
| 082 |
_22ed _a985 / _bB42 |
||
| 100 |
_aBelaúnde, Víctor Andrés _93675 |
||
| 245 | _aMeditaciones peruanas / | ||
| 260 |
_aLima, _bP. L. Villanueva, _c1963. |
||
| 300 |
_a267 páginas ; _c22 cm. |
||
| 505 | _aContenido: Síntesis de los factores contrarios a la conciencia nacional -- La desviación radical -- El programa demócrata del 89... | ||
| 650 |
_aPerú _935 |
||
| 650 |
_aHistoria _9136 |
||
| 650 |
_aFilosofía _9395 |
||
| 942 |
_2ddc _cLIBROS |
||
| 945 |
_adavv _d2019-05-16 |
||